Loading...
Anthropometry:the measure of body size, shape,and form/
| Hovedforfatter: | |
|---|---|
| Format: | Printed Book |
| Sprog: | English |
| Udgivet: |
New Delhi
Friends Publications
2005
|
| LEADER | 00490nam a2200145Ia 4500 | ||
|---|---|---|---|
| 008 | 160725s9999||||xx |||||||||||||| ||eng|| | ||
| 020 | |a 8172160100 | ||
| 082 | |a 573.6 | ||
| 100 | |a Nath, S | ||
| 245 | |a Anthropometry:the measure of body size, shape,and form/ | ||
| 260 | |b Friends Publications |a New Delhi | ||
| 260 | |c 2005 | ||
| 300 | |a p. | ||
| 999 | |c 297971 |d 297971 | ||
| 952 | |0 0 |1 0 |4 0 |6 573_600000000000000 |7 0 |8 CPE |9 338634 |a DPE |b DPE |c ST1 |d 2016-07-25 |g 495.00 |i 728 |l 0 |o 573.6 |p CPE728 |r 2016-07-25 |w 2016-07-25 |y BK | ||